[Event "DEM U12w 2025"]
[Site "Willingen GER"]
[Date "2025.06.13"]
[Round "8"]
[White "Naz Öksüz, Meryem"]
[Black "Tiuca, Emma"]
[Result "0-1"]
[Termination "normal"]
[Board "13"]
[WhiteElo "1393"]
[BlackElo "1434"]
[WhiteClock "00:38:21"]
[BlackClock "00:46:42"]
[PlyCount "66"]
[WhiteFideId "533025860"]
[BlackFideId "4007549"]
[EventCountry "GER"]
[EventRounds "9"]
[EventType "swiss"]
[EventDate "2025.06.07"]

1. b3 {[%clk 01:30:59]} e6 {[%clk 01:30:48]} {[%emt 00:00:11]} 2. Bb2 {[%clk
01:31:12]} {[%emt 00:00:18]} d5 {[%clk 01:30:58]} {[%emt 00:00:19]} 3. Nf3
{[%clk 01:31:09]} {[%emt 00:00:34]} c5 {[%clk 01:31:02]} {[%emt 00:00:24]} 4.
e3 {[%emt 00:00:32]} Nc6 {[%clk 01:30:57]} {[%emt 00:00:32]} 5. c4 {[%clk
01:30:59]} {[%emt 00:00:43]} d4 {[%clk 01:26:17]} {[%emt 00:05:08]} 6. Be2
{[%clk 01:29:30]} {[%emt 00:02:02]} Nf6 {[%clk 01:25:19]} {[%emt 00:01:26]} 7.
d3 {[%clk 01:29:09]} {[%emt 00:00:52]} Be7 {[%clk 01:18:26]} {[%emt 00:07:22]}
8. exd4 {[%clk 01:27:26]} {[%emt 00:02:14]} cxd4 {[%clk 01:18:39]} {[%emt
00:00:15]} 9. O-O {[%clk 01:26:54]} {[%emt 00:01:04]} O-O {[%clk 01:15:07]}
{[%emt 00:04:01]} 10. Re1 {[%clk 01:17:42]} {[%emt 00:09:42]} Bb4 {[%clk
01:14:25]} {[%emt 00:01:12]} 11. Nbd2 {[%clk 01:18:07]} {[%emt 00:00:06]} e5
{[%clk 01:12:51]} {[%emt 00:02:02]} 12. a3 {[%clk 01:12:31]} {[%emt 00:06:08]}
Bd6 {[%clk 01:10:36]} {[%emt 00:02:43]} 13. b4 {[%clk 01:08:58]} {[%emt
00:04:04]} b6 {[%clk 01:07:41]} {[%emt 00:03:24]} 14. b5 {[%clk 01:05:49]}
{[%emt 00:03:40]} Ne7 {[%clk 01:07:22]} {[%emt 00:00:48]} 15. h3 {[%clk
01:04:24]} {[%emt 00:01:55]} Bb7 {[%clk 01:03:09]} {[%emt 00:04:43]} 16. Bf1
{[%clk 01:02:43]} {[%emt 00:02:12]} Ng6 {[%clk 01:02:31]} {[%emt 00:01:06]} 17.
Nh2 {[%clk 00:59:48]} {[%emt 00:03:27]} Qc7 {[%clk 00:59:36]} {[%emt 00:03:24]}
18. Ng4 {[%clk 00:57:41]} {[%emt 00:02:38]} Nxg4 {[%clk 00:59:03]} {[%emt
00:01:02]} 19. Qxg4 {[%clk 00:57:41]} {[%emt 00:00:31]} f5 {[%clk 00:57:55]}
{[%emt 00:01:37]} 20. Qd1 {[%clk 00:57:38]} {[%emt 00:00:34]} Rae8 {[%clk
00:56:23]} {[%emt 00:02:00]} 21. f3 {[%clk 00:56:04]} {[%emt 00:02:05]} Nf4
{[%clk 00:54:42]} {[%emt 00:02:11]} 22. Qb3 {[%clk 00:53:56]} {[%emt 00:02:36]}
Kh8 {[%clk 00:54:20]} {[%emt 00:00:54]} 23. a4 {[%clk 00:49:54]} {[%emt
00:04:33]} Rf6 {[%clk 00:52:00]} {[%emt 00:02:49]} 24. Ba3 {[%clk 00:50:00]}
{[%emt 00:00:24]} Bxa3 {[%clk 00:51:40]} {[%emt 00:00:49]} 25. Qxa3 {[%clk
00:49:35]} {[%emt 00:00:57]} Rg6 {[%clk 00:51:45]} {[%emt 00:00:22]} 26. Kh1
{[%clk 00:49:37]} {[%emt 00:00:29]} Qd8 {[%clk 00:51:25]} {[%emt 00:00:51]} 27.
Ra2 {[%clk 00:48:04]} {[%emt 00:02:04]} Qg5 {[%clk 00:49:31]} {[%emt 00:02:22]}
28. Nb3 {[%clk 00:47:36]} {[%emt 00:00:59]} h6 {[%clk 00:48:03]} {[%emt
00:01:58]} 29. Nxd4 {[%clk 00:42:43]} {[%emt 00:05:24]} Nxh3 {[%clk 00:46:08]}
{[%emt 00:02:23]} 30. Nxf5 {[%clk 00:38:02]} {[%emt 00:05:12]} Qxf5 {[%clk
00:45:54]} {[%emt 00:00:43]} 31. gxh3 {[%clk 00:37:48]} {[%emt 00:00:47]} Bxf3+
{[%clk 00:46:14]} {[%emt 00:00:09]} 32. Bg2 {[%clk 00:38:00]} {[%emt 00:00:20]}
Qxh3+ {[%clk 00:46:28]} {[%emt 00:00:14]} 33. Kg1 {[%clk 00:38:21]} {[%emt
00:00:10]} Rxg2+ {[%clk 00:46:42]} {[%emt 00:00:16]} 0-1

[Event "DEM U12w 2025"]
[Site "Willingen GER"]
[Date "2025.06.13"]
[Round "8"]
[White "Guruprasad, Aditi"]
[Black "Subocz, Emma"]
[Result "1/2-1/2"]
[Termination "normal"]
[Board "14"]
[WhiteElo "1495"]
[BlackElo "1270"]
[WhiteClock "00:30:13"]
[BlackClock "01:08:52"]
[PlyCount "90"]
[WhiteFideId "533043280"]
[BlackFideId "41805666"]
[EventCountry "GER"]
[EventRounds "9"]
[EventType "swiss"]
[EventDate "2025.06.07"]

1. d4 {[%clk 01:30:59]} d5 {[%clk 01:30:51]} {[%emt 00:00:09]} 2. Bf4 {[%clk
01:31:24]} {[%emt 00:00:04]} Nf6 {[%clk 01:31:10]} {[%emt 00:00:12]} 3. e3
{[%clk 01:31:39]} {[%emt 00:00:15]} c5 {[%clk 01:31:12]} {[%emt 00:00:28]} 4.
c3 {[%clk 01:26:44]} {[%emt 00:05:25]} Nc6 {[%clk 01:31:19]} {[%emt 00:00:24]}
5. Nf3 {[%clk 01:23:24]} {[%emt 00:03:50]} Qb6 {[%clk 01:30:46]} {[%emt
00:01:01]} 6. Qc2 {[%clk 01:20:41]} {[%emt 00:03:14]} Bf5 {[%clk 01:29:57]}
{[%emt 00:01:18]} 7. Qb3 {[%clk 01:17:07]} {[%emt 00:04:06]} c4 {[%clk
01:28:02]} {[%emt 00:02:25]} 8. Qxb6 {[%clk 01:17:08]} {[%emt 00:00:28]} axb6
{[%clk 01:28:22]} {[%emt 00:00:11]} 9. Nbd2 {[%clk 01:15:30]} {[%emt 00:02:07]}
h6 {[%clk 01:27:22]} {[%emt 00:01:30]} 10. h3 {[%clk 01:14:06]} {[%emt
00:01:54]} e6 {[%clk 01:27:31]} {[%emt 00:00:21]} 11. Be2 {[%clk 01:13:40]}
{[%emt 00:00:56]} Be7 {[%clk 01:27:11]} {[%emt 00:00:50]} 12. O-O {[%clk
01:13:55]} {[%emt 00:00:15]} O-O {[%clk 01:27:25]} {[%emt 00:00:16]} 13. a4
{[%clk 01:05:14]} {[%emt 00:09:11]} Rfc8 {[%clk 01:14:56]} {[%emt 00:12:58]}
14. Rfc1 {[%clk 01:04:12]} {[%emt 00:01:34]} Ne4 {[%clk 01:11:36]} {[%emt
00:03:50]} 15. Bd1 {[%clk 01:02:17]} {[%emt 00:02:25]} Nd6 {[%emt 00:07:38]}
16. Bc2 {[%clk 01:00:29]} {[%emt 00:01:36]} Bxc2 {[%clk 01:04:55]} {[%emt
00:00:45]} 17. Rxc2 {[%clk 01:00:45]} {[%emt 00:00:14]} b5 {[%clk 01:04:18]}
{[%emt 00:01:07]} 18. a5 {[%clk 00:48:42]} {[%emt 00:12:32]} Nxa5 {[%clk
01:02:32]} {[%emt 00:02:17]} 19. Bxd6 {[%clk 00:45:03]} {[%emt 00:04:09]} Bxd6
{[%clk 01:01:43]} {[%emt 00:01:19]} 20. Rb1 {[%clk 00:35:35]} {[%emt 00:09:59]}
b4 {[%clk 00:59:45]} {[%emt 00:02:28]} 21. Rcc1 {[%clk 00:31:14]} {[%emt
00:04:50]} bxc3 {[%clk 00:58:23]} {[%emt 00:01:52]} 22. bxc3 {[%clk 00:30:34]}
{[%emt 00:01:10]} Rcb8 {[%clk 00:56:16]} {[%emt 00:02:35]} 23. Rb5 {[%clk
00:28:33]} {[%emt 00:02:32]} Nc6 {[%clk 00:53:08]} {[%emt 00:03:38]} 24. Rcb1
{[%clk 00:28:15]} {[%emt 00:00:48]} Ra7 {[%clk 00:48:51]} {[%emt 00:04:47]} 25.
e4 {[%clk 00:27:56]} {[%emt 00:00:50]} Ne7 {[%clk 00:46:41]} {[%emt 00:02:41]}
26. Kf1 {[%clk 00:20:49]} {[%emt 00:07:36]} Bc7 {[%clk 00:45:26]} {[%emt
00:01:45]} 27. Ke2 {[%clk 00:16:40]} {[%emt 00:04:35]} b6 {[%clk 00:44:53]}
{[%emt 00:01:08]} 28. R5b4 {[%clk 00:13:12]} {[%emt 00:03:57]} Nc6 {[%clk
00:44:00]} {[%emt 00:01:23]} 29. Rb5 {[%clk 00:12:46]} {[%emt 00:00:56]} Ra5
{[%clk 00:44:04]} {[%emt 00:00:26]} 30. Rxa5 {[%clk 00:08:07]} {[%emt
00:05:09]} bxa5 {[%clk 00:44:22]} {[%emt 00:00:12]} 31. Rxb8+ {[%clk 00:07:04]}
{[%emt 00:01:33]} Bxb8 {[%clk 00:44:25]} {[%emt 00:00:26]} 32. exd5 {[%clk
00:06:21]} {[%emt 00:01:14]} exd5 {[%clk 00:44:33]} {[%emt 00:00:22]} 33. Kd1
{[%clk 00:05:38]} {[%emt 00:01:12]} Kf8 {[%clk 00:44:16]} {[%emt 00:00:48]} 34.
Kc2 {[%clk 00:05:00]} {[%emt 00:01:07]} Ke8 {[%clk 00:43:52]} {[%emt 00:00:54]}
35. Kb2 {[%clk 00:04:59]} {[%emt 00:00:32]} Kd7 {[%clk 00:42:51]} {[%emt
00:01:31]} 36. Ka3 {[%clk 00:04:43]} {[%emt 00:00:46]} Kc7 {[%clk 00:42:37]}
{[%emt 00:00:44]} 37. Ka4 {[%clk 00:04:34]} {[%emt 00:00:39]} Kb6 {[%clk
00:42:57]} {[%emt 00:00:11]} 38. g3 {[%clk 00:02:59]} {[%emt 00:02:04]} Na7
{[%clk 00:41:43]} {[%emt 00:01:43]} 39. Nb1 {[%clk 00:02:54]} {[%emt 00:00:35]}
Bc7 {[%clk 00:40:45]} {[%emt 00:01:28]} 40. Nh4 {[%clk 00:02:50]} {[%emt
00:00:35]} g6 {[%clk 00:40:33]} {[%emt 00:00:41]} 41. Ng2 {[%clk 00:00:51]}
{[%emt 00:02:30]} Kc6 {[%clk 00:40:05]} {[%emt 00:00:58]} 42. Ne3 {[%clk
00:30:17]} {[%emt 00:01:04]} Kd6 {[%clk 01:09:12]} {[%emt 00:01:23]} 43. Na3
{[%clk 00:29:50]} {[%emt 00:00:57]} Kc6 {[%clk 01:08:52]} {[%emt 00:00:49]} 44.
Nb1 {[%clk 00:30:13]} {[%emt 00:00:08]} g5 {[%emt 00:02:24]} 45. Nf5 {[%emt
00:00:09]} h5 {[%emt 00:00:05]} 1/2-1/2

[Event "DEM U12w 2025"]
[Site "Willingen GER"]
[Date "2025.06.13"]
[Round "8"]
[White "Preißler, Enie"]
[Black "Greither, Flora"]
[Result "1/2-1/2"]
[Termination "normal"]
[Board "15"]
[WhiteElo "1113"]
[BlackElo "1562"]
[WhiteClock "00:14:34"]
[BlackClock "00:18:49"]
[PlyCount "104"]
[WhiteFideId "533039151"]
[BlackFideId "533000697"]
[EventCountry "GER"]
[EventRounds "9"]
[EventType "swiss"]
[EventDate "2025.06.07"]

1. d4 {[%clk 01:30:57]} {[%emt 00:00:01]} c5 {[%clk 01:30:44]} {[%emt
00:00:17]} 2. e3 {[%clk 01:28:40]} {[%emt 00:02:47]} d5 {[%clk 01:30:26]}
{[%emt 00:00:48]} 3. c3 {[%clk 01:22:13]} {[%emt 00:06:56]} Nc6 {[%clk
01:29:38]} {[%emt 00:01:20]} 4. Bd3 {[%clk 01:19:58]} {[%emt 00:02:44]} cxd4
{[%clk 01:29:12]} {[%emt 00:00:56]} 5. exd4 {[%clk 01:17:39]} {[%emt 00:02:49]}
Nf6 {[%clk 01:29:19]} {[%emt 00:00:22]} 6. Nf3 {[%clk 01:13:51]} {[%emt
00:04:17]} Bg4 {[%clk 01:28:44]} {[%emt 00:01:06]} 7. Bf4 {[%clk 01:09:10]}
{[%emt 00:05:12]} e6 {[%clk 01:28:52]} {[%emt 00:00:22]} 8. Nbd2 {[%clk
01:01:18]} {[%emt 00:08:22]} Bd6 {[%clk 01:27:56]} {[%emt 00:01:05]} 9. Bg3
{[%clk 00:59:04]} {[%emt 00:03:03]} a6 {[%clk 01:22:51]} {[%emt 00:05:37]} 10.
O-O {[%clk 00:55:32]} {[%emt 00:04:02]} O-O {[%clk 01:22:50]} {[%emt 00:00:30]}
11. Qc2 {[%clk 00:52:12]} {[%emt 00:03:50]} Bxg3 {[%clk 01:22:15]} {[%emt
00:01:05]} 12. fxg3 {[%clk 00:52:10]} {[%emt 00:00:32]} h6 {[%clk 01:22:16]}
{[%emt 00:00:29]} 13. Rae1 {[%clk 00:50:57]} {[%emt 00:01:43]} b5 {[%clk
01:18:03]} {[%emt 00:04:44]} 14. Ne5 {[%clk 00:47:58]} {[%emt 00:03:29]} Nxe5
{[%clk 01:15:04]} {[%emt 00:03:29]} 15. Rxe5 {[%clk 00:44:42]} {[%emt
00:03:46]} Nd7 {[%clk 01:07:46]} {[%emt 00:07:46]} 16. Re3 {[%clk 00:44:31]}
{[%emt 00:00:41]} e5 {[%clk 01:05:46]} {[%emt 00:02:32]} 17. dxe5 {[%clk
00:35:30]} {[%emt 00:09:30]} Qb6 {[%clk 01:05:27]} {[%emt 00:00:48]} 18. Rfe1
{[%clk 00:35:14]} {[%emt 00:00:48]} Nxe5 {[%clk 01:05:12]} {[%emt 00:00:45]}
19. Kh1 {[%clk 00:35:07]} {[%emt 00:00:36]} Nxd3 {[%clk 01:05:22]} {[%emt
00:00:20]} 20. Qxd3 {[%clk 00:35:20]} {[%emt 00:00:18]} Rad8 {[%clk 01:04:52]}
{[%emt 00:00:59]} 21. Qd4 {[%clk 00:33:21]} {[%emt 00:02:30]} Qg6 {[%clk
01:00:55]} {[%emt 00:04:18]} 22. Re5 {[%clk 00:33:02]} {[%emt 00:00:58]} Be6
{[%clk 01:00:33]} {[%emt 00:00:51]} 23. Rc1 {[%clk 00:30:07]} {[%emt 00:03:26]}
Rfe8 {[%clk 00:56:28]} {[%emt 00:04:36]} 24. Nb3 {[%clk 00:28:48]} {[%emt
00:01:48]} Rc8 {[%clk 00:52:56]} {[%emt 00:04:02]} 25. Nc5 {[%clk 00:27:03]}
{[%emt 00:02:14]} Rc6 {[%clk 00:49:24]} {[%emt 00:04:05]} 26. h4 {[%clk
00:25:30]} {[%emt 00:02:02]} Qxg3 {[%clk 00:41:59]} {[%emt 00:07:55]} 27. Nxe6
{[%clk 00:23:12]} {[%emt 00:02:48]} Rcxe6 {[%clk 00:41:27]} {[%emt 00:01:02]}
28. Rxe6 {[%clk 00:22:54]} {[%emt 00:00:48]} Rxe6 {[%clk 00:41:30]} {[%emt
00:00:27]} 29. Qxd5 {[%clk 00:19:40]} {[%emt 00:03:43]} Qxh4+ {[%clk 00:41:26]}
{[%emt 00:00:35]} 30. Kg1 {[%clk 00:19:56]} {[%emt 00:00:14]} Qg3 {[%clk
00:40:28]} {[%emt 00:01:23]} 31. Rf1 {[%clk 00:18:42]} {[%emt 00:01:49]} Qe3+
{[%clk 00:39:50]} {[%emt 00:01:07]} 32. Rf2 {[%clk 00:17:25]} {[%emt 00:01:48]}
Qe4 {[%clk 00:37:12]} {[%emt 00:03:06]} 33. Qd8+ {[%clk 00:16:01]} {[%emt
00:01:56]} Re8 {[%clk 00:36:36]} {[%emt 00:01:06]} 34. Qd7 {[%clk 00:16:16]}
{[%emt 00:00:15]} Qe6 {[%clk 00:36:40]} {[%emt 00:00:26]} 35. Qxe6 {[%clk
00:15:50]} {[%emt 00:00:56]} Rxe6 {[%clk 00:37:01]} {[%emt 00:00:10]} 36. b3
{[%clk 00:15:36]} {[%emt 00:00:43]} f6 {[%clk 00:36:51]} {[%emt 00:00:41]} 37.
c4 {[%clk 00:15:49]} {[%emt 00:00:17]} bxc4 {[%clk 00:37:11]} {[%emt 00:00:09]}
38. bxc4 {[%clk 00:16:12]} {[%emt 00:00:07]} Rc6 {[%clk 00:37:36]} {[%emt
00:00:05]} 39. Rc2 {[%clk 00:16:32]} {[%emt 00:00:11]} Kf7 {[%clk 00:37:51]}
{[%emt 00:00:14]} 40. Kf2 {[%clk 00:16:51]} {[%emt 00:00:11]} Ke6 {[%clk
00:37:57]} {[%emt 00:00:24]} 41. Ke3 {[%clk 00:16:57]} {[%emt 00:00:24]} Ke5
{[%clk 00:38:12]} {[%emt 00:00:16]} 42. g4 {[%clk 00:17:11]} {[%emt 00:00:15]}
g6 {[%clk 00:37:30]} {[%emt 00:01:12]} 43. a3 {[%clk 00:16:20]} {[%emt
00:01:22]} Rc8 {[%clk 00:35:31]} {[%emt 00:02:28]} 44. Kd3 {[%clk 00:15:22]}
{[%emt 00:01:28]} Kf4 {[%clk 00:33:05]} {[%emt 00:02:55]} 45. Rf2+ {[%clk
00:15:27]} {[%emt 00:00:25]} Ke5 {[%clk 00:31:30]} {[%emt 00:02:06]} 46. Re2+
{[%clk 00:15:22]} {[%emt 00:00:35]} Kd6 {[%clk 00:30:51]} {[%emt 00:01:10]} 47.
Kd4 {[%clk 00:15:25]} {[%emt 00:00:26]} f5 {[%clk 00:21:37]} {[%emt 00:09:44]}
48. gxf5 {[%clk 00:15:40]} {[%emt 00:00:15]} gxf5 {[%clk 00:21:56]} {[%emt
00:00:11]} 49. Re5 {[%clk 00:15:48]} {[%emt 00:00:21]} Rf8 {[%clk 00:21:32]}
{[%emt 00:00:54]} 50. Rd5+ {[%clk 00:15:31]} {[%emt 00:00:47]} Kc6 {[%clk
00:20:47]} {[%emt 00:01:16]} 51. Rc5+ {[%clk 00:15:19]} {[%emt 00:00:41]} Kb6
{[%clk 00:20:42]} {[%emt 00:00:35]} 52. Re5 {[%clk 00:14:34]} {[%emt 00:01:15]}
f4 {[%clk 00:18:49]} {[%emt 00:02:24]} 1/2-1/2

[Event "DEM U12w 2025"]
[Site "Willingen GER"]
[Date "2025.06.13"]
[Round "8"]
[White "Bacakova, Klara"]
[Black "Didas, Emma"]
[Result "0-1"]
[Termination "normal"]
[Board "16"]
[WhiteElo "1571"]
[BlackElo "1461"]
[WhiteClock "00:13:22"]
[BlackClock "00:33:03"]
[PlyCount "70"]
[WhiteFideId "34605762"]
[BlackFideId "34681612"]
[EventCountry "GER"]
[EventRounds "9"]
[EventType "swiss"]
[EventDate "2025.06.07"]

1. e4 {[%clk 01:30:58]} d6 {[%clk 01:30:56]} {[%emt 00:00:05]} 2. d4 {[%clk
01:31:18]} {[%emt 00:00:10]} Nf6 {[%clk 01:31:21]} {[%emt 00:00:06]} 3. Nc3
{[%clk 01:31:42]} {[%emt 00:00:06]} g6 {[%clk 01:31:46]} {[%emt 00:00:05]} 4.
Be3 {[%clk 01:31:57]} {[%emt 00:00:14]} c6 {[%clk 01:32:09]} {[%emt 00:00:07]}
5. f3 {[%clk 01:32:06]} {[%emt 00:00:22]} Nbd7 {[%clk 01:32:31]} {[%emt
00:00:08]} 6. Qd2 {[%clk 01:32:24]} {[%emt 00:00:11]} Qc7 {[%clk 01:32:56]}
{[%emt 00:00:06]} 7. g4 {[%clk 01:32:12]} {[%emt 00:00:42]} b5 {[%clk
01:32:42]} {[%emt 00:00:44]} 8. Nge2 {[%clk 01:32:01]} {[%emt 00:00:41]} Nb6
{[%clk 01:32:28]} {[%emt 00:00:43]} 9. b3 {[%clk 01:32:15]} {[%emt 00:00:16]}
a5 {[%clk 01:29:52]} {[%emt 00:03:05]} 10. Ng3 {[%clk 01:29:16]} {[%emt
00:03:29]} Rb8 {[%clk 01:20:10]} {[%emt 00:10:13]} 11. Bg2 {[%clk 01:26:42]}
{[%emt 00:03:04]} Nfd7 {[%clk 01:17:43]} {[%emt 00:02:56]} 12. Nce2 {[%clk
01:23:54]} {[%emt 00:03:19]} a4 {[%clk 01:11:20]} {[%emt 00:06:52]} 13. Nf4
{[%clk 01:20:54]} {[%emt 00:03:31]} Bg7 {[%clk 01:05:35]} {[%emt 00:06:14]} 14.
Rb1 {[%clk 01:19:42]} {[%emt 00:01:43]} c5 {[%clk 01:03:47]} {[%emt 00:02:18]}
15. c3 {[%clk 01:14:21]} {[%emt 00:05:52]} axb3 {[%clk 00:59:15]} {[%emt
00:05:01]} 16. axb3 {[%clk 01:14:42]} {[%emt 00:00:09]} Ra8 {[%clk 00:56:43]}
{[%emt 00:03:01]} 17. O-O {[%clk 01:11:27]} {[%emt 00:03:46]} O-O {[%clk
00:56:11]} {[%emt 00:01:03]} 18. Ra1 {[%clk 01:10:39]} {[%emt 00:01:18]} Ba6
{[%clk 00:53:51]} {[%emt 00:02:41]} 19. Rfd1 {[%clk 01:04:46]} {[%emt
00:06:31]} Ra7 {[%clk 00:52:38]} {[%emt 00:01:42]} 20. Qf2 {[%clk 01:03:16]}
{[%emt 00:02:01]} Rfa8 {[%clk 00:45:50]} {[%emt 00:07:08]} 21. Ra2 {[%clk
00:49:14]} {[%emt 00:14:42]} Bc8 {[%clk 00:42:16]} {[%emt 00:04:02]} 22. Rda1
{[%clk 00:49:09]} {[%emt 00:00:37]} cxd4 {[%clk 00:41:42]} {[%emt 00:01:04]}
23. Bxd4 {[%clk 00:38:32]} {[%emt 00:11:07]} Rxa2 {[%clk 00:41:06]} {[%emt
00:01:06]} 24. Rxa2 {[%clk 00:36:55]} {[%emt 00:02:08]} Rxa2 {[%clk 00:41:31]}
{[%emt 00:00:05]} 25. Qxa2 {[%clk 00:36:14]} {[%emt 00:01:12]} e5 {[%clk
00:41:56]} {[%emt 00:00:05]} 26. Nfe2 {[%clk 00:34:53]} {[%emt 00:01:51]} exd4
{[%clk 00:42:17]} {[%emt 00:00:10]} 27. cxd4 {[%clk 00:35:03]} {[%emt
00:00:19]} d5 {[%clk 00:40:32]} {[%emt 00:02:15]} 28. Nf1 {[%clk 00:29:56]}
{[%emt 00:05:38]} dxe4 {[%clk 00:39:21]} {[%emt 00:01:41]} 29. fxe4 {[%clk
00:30:06]} {[%emt 00:00:20]} Bb7 {[%clk 00:39:16]} {[%emt 00:00:32]} 30. Nd2
{[%clk 00:27:08]} {[%emt 00:03:32]} Nf6 {[%clk 00:38:38]} {[%emt 00:01:06]} 31.
h3 {[%clk 00:23:16]} {[%emt 00:04:23]} Nbd7 {[%clk 00:36:53]} {[%emt 00:02:13]}
32. b4 {[%clk 00:20:04]} {[%emt 00:03:45]} Nb8 {[%clk 00:36:49]} {[%emt
00:00:32]} 33. Qb3 {[%clk 00:19:30]} {[%emt 00:01:05]} Nc6 {[%clk 00:36:22]}
{[%emt 00:00:44]} 34. Qc3 {[%clk 00:15:59]} {[%emt 00:04:15]} Ne8 {[%clk
00:35:06]} {[%emt 00:01:45]} 35. Nf3 {[%clk 00:13:22]} {[%emt 00:03:08]} Nxd4
{[%clk 00:33:03]} {[%emt 00:02:33]} 0-1